000 00874 a2200229 4500
999 _c2564
_d2564
020 _aN/A
050 0 0 _aJQ1879 ANS 1998
100 _aHollands , Glenn
_eeditor
245 0 0 _aWinds of small change :
_bcivil society interaction with the African state : proceedings of multilateral workshops on good governance, sustainable development, and democracy, Graz, Austria 1995--Kampala, Uganda 1998 /
_cedited by Glenn Hollands and Gwen Ansell.
264 _aAustria
_bAfesis- Corplan
_c1998
300 _a381 p. :
_bill. ;
500 _a"Austrian Development Cooperation".
500 _a
504 _aIncludes bibliographical references.
650 0 _aCivil society
650 0 _aDemocracy
650 0 _aSustainable development
651 0 _aAfrica
700 1 _aHollands, Glenn.
_eeditor
700 1 _aAnsell, Gwen.
942 _2lcc
_cBK
_h1879
_iANS
_kJQ